| 000 | 00987nas a2200325 4500 | ||
|---|---|---|---|
| 001 | BR2017002335 | ||
| 003 | BR-BrBNA | ||
| 005 | 20231205131055.0 | ||
| 007 | ta | ||
| 008 | 230509b bl.|||p| |||| 00| 00por d | ||
| 040 |
_aBR-BrBNA _bpor _cBiblioteca Nacional de Agricultura |
||
| 041 | _a(En) | ||
| 072 | _aL51 | ||
| 100 | 1 | _aVerussa, G.H. | |
| 100 | 1 | _aCorassa, A. | |
| 100 | 1 | _aPina, D.dos S. | |
| 100 | 1 | _aTon, A.P.S. | |
| 100 | 1 | _aKomiyama, C.M. | |
| 100 | 1 | _aTeixeira, A. de O. | |
| 245 | 1 | _aNutritional value of glycerin for pigs determined by different methodologies | |
| 650 | _aSUÍNO | ||
| 650 | _aDIETA | ||
| 650 | _aDIGESTIBILIDADE | ||
| 650 | _aGLICERINA | ||
| 650 | _aBIOQUÍMICA | ||
| 773 | 0 |
_tRevista Brasileira de Zootecnia (Brazil) _xISSN 1806-9290 _g(Jul 2017), v. 46(7) p. 584-590 _wBR2017002335 |
|
| 856 | 4 | 0 | _uhttp://www.scielo.br/pdf/rbz/v46n7/1806-9290-rbz-46-7-0584.pdf |
| 909 |
_a202311 _bLúcia _c55 _dLúcia Elande |
||
| 942 |
_2AGRIS _n0 _cANA |
||
| 999 |
_c252888 _d252888 |
||